| 000 | 00773cpcaa2200229 4500 | ||
|---|---|---|---|
| 001 | mm 83001636 | ||
| 003 | DLC | ||
| 005 | 20260227111718.0 | ||
| 008 | 830512|||||||||||| eng | ||
| 010 | _amm 83001636 | ||
| 040 |
_aDLC _cDLC _edacs _dDLC |
||
| 072 | 7 |
_aW _2lcmd |
|
| 100 | 1 |
_aBell, James B., _cpublic official. |
|
| 245 | 0 | 0 |
_aJames B. Bell appointment, _f1873. |
| 300 |
_a1 _fitem. |
||
| 506 | 0 | _aOpen to research. | |
| 545 | 0 | _aPublic official of Mississippi. | |
| 546 | _aCollection material in English. | ||
| 580 | _aForms part of: Miscellaneous Manuscripts collection. | ||
| 656 | 7 |
_aPublic officials _zMississippi. _2itoamc |
|
| 999 |
_c43853 _d43853 |
||